00439cam a22001337a 4500008004000000020001500040100002000055245007500075260002700150300000900177650002600186999001900212952007400231180718b1996 xxu||||| |||| 00| 0 eng d a8172380151 aPrasad, Basudeo aParyavaran pradushan: bachav avom niyantran (Hindi)cby Basudeo Prasad aNew DelhibVenusc1996 a88p. aEnvironment pollution c405755d405755 00104070aIIPAbIIPAd2006-08-05p70556r2018-07-21w2018-07-21yBK